000 00655nam a2200241Ia 4500
003 OSt
005 20221006144734.0
006 a|||||r|||| 00| 0
007 ta
008 221006b |||||||| |||| 00| 0 eng d
020 _c
_1.25
024 _a12,554
037 _cTextual
040 _aEASL
_cEASL
_beng
041 _2eng
_aeng
082 _aV41:1942.N37, K4
100 _aTai Tsien
_9652732
245 0 _aChina and the nine power conference at brussels in 1937
260 _aNew York
_bSt. Jhon University
_c1964
300 _a378p.
_ccm.
942 _hV41:1942.N37, K4
_cTEXL
_2CC
999 _c1080640
_d1080640